Central Library OPAC University of Rajshahi

Three tragedies : (Record no. 18053)

MARC details
000 -LEADER
fixed length control field 01389cam a2200361 a 4500
001 - CONTROL NUMBER
control field 18053
003 - CONTROL NUMBER IDENTIFIER
rucl marc code BD-RjUL
005 - DATE AND TIME OF LATEST TRANSACTION
control field 20211209000230.0
008 - FIXED-LENGTH DATA ELEMENTS--GENERAL INFORMATION
fixed length control field 140219t19611947enk 000 0 eng d
020 ## - INTERNATIONAL STANDARD BOOK NUMBER
International Standard Book Number 0140079955
035 ## - SYSTEM CONTROL NUMBER
System control number (BD-RjUL)18111
040 ## - CATALOGING SOURCE
Original cataloging agency UkOxU
Language of cataloging eng
Transcribing agency UkOxU
Modifying agency BD-RjUL
041 1# - LANGUAGE CODE
Language code of text/sound track or separate title eng
Language code of original spa
082 04 - DEWEY DECIMAL CLASSIFICATION NUMBER
Classification number 822
Author mark and year GAT 1961
100 1# - MAIN ENTRY--PERSONAL NAME
Personal name García Lorca, Federico,
Dates associated with a name 1898-1936.
9 (RLIN) 55627
245 10 - TITLE STATEMENT
Title Three tragedies :
Remainder of title Blood wedding ; Yerma ; The house of Bernarda Alba /
Statement of responsibility, etc. Federico García Lorca ; translated by James Graham-Luján and Richard L. O'Connell ; introduction by Francisco García Lorca
260 ## - PUBLICATION, DISTRIBUTION, ETC. (IMPRINT)
Place of publication, distribution, etc. Harmondsworth :
Name of publisher, distributor, etc. Penguin Books,
Date of publication, distribution, etc. 1961.
300 ## - PHYSICAL DESCRIPTION
Pagination 203 p. ;
Size 18 cm.
490 1# - SERIES STATEMENT
Series statement Penguin plays
500 ## - GENERAL NOTE
General note Copyright New Directions, 1947
General note First U.S. publs. of translations: "Bodas de sangre" - 1945; "Yerma" - 1946; "La casa de Bernarda Alba" - 1941; first U. K. publ. London : Secker & Warburg, 1959
650 #0 - SUBJECT ADDED ENTRY--TOPICAL TERM
Topical term or geographic name as entry element Drama
Form subdivision Tragedy
9 (RLIN) 55628
Topical term or geographic name as entry element Theater
Geographic subdivision Spain
General subdivision History
Chronological subdivision 20th century
9 (RLIN) 55629
700 1# - ADDED ENTRY--PERSONAL NAME
Personal name Graham-Luján, James.
Personal name O'Connell, Richard,
Dates associated with a name 1928-.
Personal name García Lorca, Francisco,
Dates associated with a name 1902-1976
830 #0 - SERIES ADDED ENTRY--UNIFORM TITLE
Uniform title Penguin plays
942 ## - ADDED ENTRY ELEMENTS (KOHA)
Source of classification or shelving scheme Dewey Decimal Classification
Koha item type Books
Holdings
Lost status Source of classification or shelving scheme Damaged status Not for loan Collection code Permanent Location Current Location Shelving location Date acquired Source of acquisition Cost, normal purchase price Total Checkouts Full call number Date last seen Copy number Koha item type
  Dewey Decimal Classification   Not For Loan Fiction Central Library, University of Rajshahi Central Library, University of Rajshahi Reading Room 24/11/1990 Shaukat osman 0.00   822 GAT 1961 19/02/2014 C-1 Books